[Event "Mittelrhein Verbandsliga-W 18/19"]
[Site "Nordrheinwestfalen"]
[Date "2019.03.10"]
[Round "8.7"]
[White "Fournell, Udo"]
[Black "Liebe, Uwe"]
[Result "0-1"]
[WhiteElo "1860"]
[BlackElo "1813"]
[PlyCount "68"]
[EventDate "2018.09.02"]
[EventType "team-tourn"]
[EventRounds "11"]
[EventCountry "GER"]
[SourceTitle "EXT 2022"]
[Source "ChessBase"]
[SourceDate "2021.10.06"]
[SourceVersion "1"]
[SourceVersionDate "2021.10.06"]
[SourceQuality "1"]
[WhiteTeam "Aachen PTSV"]
[BlackTeam "Lendersdorf"]
[WhiteTeamCountry "GER"]
[BlackTeamCountry "GER"]

1. e4 e6 2. d4 d5 3. Nc3 Bb4 4. exd5 exd5 5. Bd3 Nf6 6. Nge2 0-0 7. 0-0 h6 8. a3 Bd6 9. Bf4 c6 10. Qd2 Be6 11. Bxd6 Qxd6 12. Qf4 Qxf4 13. Nxf4 Nbd7 14. Rfe1 Rfe8 15. f3 Nf8 16. Rad1 g5 17. Nfe2 Kg7 18. Ng3 Ng6 19. Nce2 Re7 20. Bf5 Rae8 21. Kf2 Nh4 22. Bd3 Bc8 23. h3 h5 24. f4 g4 25. f5 Kh6 26. Kg1 gxh3 27. Rf1 hxg2 28. Rf4 Kg5 29. Rxh4 Kxh4 30. Kxg2 Kg5 31. Ng1 Rg8 32. Nf3+ Kf4 33. Kf2 Rxg3 34. Ng1 Ng4+ 0-1

[Event "Mittelrhein Verbandsliga-W 18/19"]
[Site "Nordrheinwestfalen"]
[Date "2019.02.10"]
[Round "7.6"]
[White "Vossen, Patrick"]
[Black "Liebe, Uwe"]
[Result "0-1"]
[WhiteElo "1678"]
[BlackElo "1813"]
[PlyCount "100"]
[EventDate "2018.09.02"]
[EventType "team-tourn"]
[EventRounds "11"]
[EventCountry "GER"]
[SourceTitle "EXT 2022"]
[Source "ChessBase"]
[SourceDate "2021.10.06"]
[SourceVersion "1"]
[SourceVersionDate "2021.10.06"]
[SourceQuality "1"]
[WhiteTeam "Uebach Palenberg"]
[BlackTeam "Lendersdorf"]
[WhiteTeamCountry "GER"]
[BlackTeamCountry "GER"]

1. d4 Nf6 2. Nf3 d5 3. e3 e6 4. Bd3 c5 5. c3 Nc6 6. Nbd2 Be7 7. 0-0 Qc7 8. Re1 cxd4 9. exd4 0-0 10. Ne5 Nxe5 11. dxe5 Nd7 12. Nf3 f5 13. exf6 Nxf6 14. Qe2 Bd6 15. Ne5 Bxe5 16. Qxe5 Qxe5 17. Rxe5 Bd7 18. h3 Rae8 19. Be3 b6 20. Re1 Kf7 21. Bf4 h6 22. Bh2 Bc6 23. R5e3 Ne4 24. Rf3+ Ke7 25. Rxf8 Rxf8 26. Bxe4 dxe4 27. Be5 Rf7 28. Rd1 Bd5 29. b3 b5 30. Rd4 g6 31. c4 bxc4 32. bxc4 Bb7 33. c5 Bd5 34. Ra4 Kd8 35. Bb8 Rb7 36. Bxa7 Rb1+ 37. Kh2 Rb2 38. Bb6+ Kd7 39. Ra7+ Kc6 40. Rc7+ Kb5 41. a4+ Kxa4 42. Ra7+ Kb5 43. Ra3 Rxf2 44. Ba7 e3 45. Kg3 Rxg2+ 46. Kf4 e2 47. Re3 Bc4 48. c6 Kxc6 49. Re5 Bd5 50. h4 g5+ 0-1

[Event "Mittelrhein Verbandsliga-W 18/19"]
[Site "Nordrheinwestfalen"]
[Date "2018.09.30"]
[Round "2.8"]
[White "Liebe, Uwe"]
[Black "Walter, Robert"]
[Result "1/2-1/2"]
[WhiteElo "1813"]
[BlackElo "1614"]
[PlyCount "110"]
[EventDate "2018.09.02"]
[EventType "team-tourn"]
[EventRounds "11"]
[EventCountry "GER"]
[SourceTitle "EXT 2022"]
[Source "ChessBase"]
[SourceDate "2021.10.06"]
[SourceVersion "1"]
[SourceVersionDate "2021.10.06"]
[SourceQuality "1"]
[WhiteTeam "Lendersdorf"]
[BlackTeam "Koeln Lasker II"]
[WhiteTeamCountry "GER"]
[BlackTeamCountry "GER"]

1. e4 c5 2. Nf3 Nc6 3. d4 cxd4 4. c3 dxc3 5. Nxc3 e6 6. Bc4 a6 7. 0-0 b5 8. Bb3 Bc5 9. Qe2 Nge7 10. Rd1 0-0 11. Bf4 d6 12. Rac1 e5 13. Bxe5 Nxe5 14. Nxe5 Qb6 15. Nd3 Bb7 16. Nf4 Kh8 17. Ncd5 Nxd5 18. Nxd5 Bxd5 19. Rxd5 Rae8 20. Rc3 f5 21. Rh3 Rxe4 22. Rxh7+ Kg8 23. Rxf5+ d5 24. Bxd5+ Kxh7 25. Rh5+ Kg6 26. Bxe4+ Kf6 27. Rf5+ Ke7 28. Bd5+ Kd8 29. Rxf8+ Bxf8 30. g3 Qd4 31. Bg2 Bc5 32. h4 Qd6 33. Kh2 Qf6 34. Qd2+ Bd4 35. f3 Ke8 36. b3 Qd6 37. Qg5 Bf6 38. Qf5 Bxh4 39. f4 Bf6 40. Qc8+ Ke7 41. Qb7+ Kf8 42. Bd5 Be7 43. Qc8+ Bd8 44. Qf5+ Bf6 45. Kh3 Ke7 46. g4 Bc3 47. Qf7+ Kd8 48. g5 Qd7+ 49. f5 Qxf7 50. Bxf7 a5 51. Kg4 a4 52. bxa4 bxa4 53. f6 gxf6 54. g6 Ke7 55. Kf5 Kf8 1/2-1/2

[Event "Mittelrhein Verbandsliga-W 17/18"]
[Site "Nordrheinwestfalen"]
[Date "2018.03.18"]
[Round "9.7"]
[White "Liebe, Uwe"]
[Black "Fournell, Udo"]
[Result "0-1"]
[WhiteElo "1808"]
[BlackElo "1846"]
[PlyCount "46"]
[EventDate "2017.09.10"]
[EventType "team-tourn"]
[EventRounds "11"]
[EventCountry "GER"]
[SourceTitle "EXT 2022"]
[Source "ChessBase"]
[SourceDate "2021.10.06"]
[SourceVersion "1"]
[SourceVersionDate "2021.10.06"]
[SourceQuality "1"]
[WhiteTeam "Lendersdorf"]
[BlackTeam "Aachen PTSV"]
[WhiteTeamCountry "GER"]
[BlackTeamCountry "GER"]

1. e4 c5 2. Nf3 Nc6 3. d4 cxd4 4. Nxd4 e5 5. Nf3 Nf6 6. Bg5 Qa5+ 7. Bd2 Qb6 8. Nc3 Ng4 9. Qe2 Qxb2 10. Rb1 Qxc2 11. h3 Nf6 12. Rc1 Qb2 13. Nb5 Bb4 14. Nc7+ Kd8 15. Nxa8 Qxc1+ 16. Qd1 Qxd1+ 17. Kxd1 Nxe4 18. Be3 d5 19. Nxe5 Nxe5 20. Bxa7 Bf5 21. Bb6+ Ke7 22. Nc7 Nc3+ 23. Kc1 Rc8 0-1

[Event "Mittelrhein Verbandsliga-W 16/17"]
[Site "Nordrheinwestfalen"]
[Date "2017.03.19"]
[Round "9.7"]
[White "Liebe, Uwe"]
[Black "Terwagne, Bertrand"]
[Result "1-0"]
[WhiteElo "1830"]
[BlackElo "1823"]
[PlyCount "83"]
[EventDate "2016.09.11"]
[EventType "team-tourn"]
[EventRounds "11"]
[EventCountry "GER"]
[SourceTitle "EXT 2022"]
[Source "ChessBase"]
[SourceDate "2021.10.06"]
[SourceVersion "1"]
[SourceVersionDate "2021.10.06"]
[SourceQuality "1"]
[WhiteTeam "Lendersdorf"]
[BlackTeam "Alsdorf SVG"]
[WhiteTeamCountry "GER"]
[BlackTeamCountry "GER"]

1. e4 e5 2. Nf3 Nc6 3. Bb5 a6 4. Ba4 Nf6 5. 0-0 Be7 6. Qe2 b5 7. Bb3 d6 8. c3 0-0 9. h3 Na5 10. Bc2 c5 11. d4 Qc7 12. Bg5 Nc4 13. b3 Nb6 14. Rc1 Bb7 15. Nbd2 h6 16. Bh4 Nh5 17. g3 g5 18. Nxg5 hxg5 19. Qxh5 gxh4 20. gxh4 Bf6 21. Kh2 Bg7 22. Rg1 f6 23. Rxg7+ Qxg7 24. Rg1 Qxg1+ 25. Kxg1 cxd4 26. cxd4 Rac8 27. Bd1 Rf7 28. d5 Rc1 29. Nf1 f5 30. Ng3 Rg7 31. Kh2 Bc8 32. exf5 Nxd5 33. Ne4 Bxf5 34. Qe8+ Kh7 35. Ng5+ Rxg5 36. hxg5 Bg6 37. Qd7+ Kg8 38. Bg4 Nf4 39. Qxd6 Be4 40. Be6+ Kh7 41. Qe7+ Kg6 42. Qf6+ 1-0

[Event "Mittelrhein Verbandsliga-W 16/17"]
[Site "Nordrheinwestfalen"]
[Date "2017.01.29"]
[Round "7.8"]
[White "Morschel, Steffen"]
[Black "Liebe, Uwe"]
[Result "1-0"]
[WhiteElo "1717"]
[BlackElo "1830"]
[PlyCount "71"]
[EventDate "2016.09.11"]
[EventType "team-tourn"]
[EventRounds "11"]
[EventCountry "GER"]
[SourceTitle "EXT 2022"]
[Source "ChessBase"]
[SourceDate "2021.10.06"]
[SourceVersion "1"]
[SourceVersionDate "2021.10.06"]
[SourceQuality "1"]
[WhiteTeam "Horrem"]
[BlackTeam "Lendersdorf"]
[WhiteTeamCountry "GER"]
[BlackTeamCountry "GER"]

1. e4 e6 2. d4 d5 3. exd5 exd5 4. c4 Nf6 5. Nc3 Be7 6. Nf3 0-0 7. Be2 dxc4 8. Bxc4 Bg4 9. Be3 c6 10. h3 Bh5 11. g4 Bg6 12. Ne5 Be4 13. Rg1 Bd5 14. Nxd5 Nxd5 15. Qf3 Bb4+ 16. Kf1 Nd7 17. Nd3 Nxe3+ 18. fxe3 Bd6 19. g5 Nb6 20. Bb3 g6 21. h4 Kg7 22. Ke2 f6 23. Qh3 Qe7 24. Raf1 Rae8 25. gxf6+ Rxf6 26. Rxf6 Qxf6 27. Rf1 Qxd4 28. Rf7+ Kh8 29. h5 g5 30. Qf3 Nd5 31. Rxh7+ Kxh7 32. Qf7+ Qg7 33. Qxe8 Nf6 34. Qe6 Bc7 35. Bc2 Kh6 36. Nf2 1-0